Capital cities of European countries - Statistics

General Stats
  • This quiz has been taken 959 times
  • The average score is 27 of 49
Answer Stats
Country Answer % Correct
Uk London
99%
France Paris
99%
Italy Rome
98%
Spain Madrid
96%
Germany Berlin
93%
Greece Athens
89%
Ukraine Kiev
85%
Russia Moscow
84%
Ireland Dublin
81%
Austria Vienna
80%
Netherlands Amsterdam
78%
Portugal Lisbon
77%
Vatican City Vatican City
76%
Poland Warsaw
76%
Norway Oslo
74%
Sweden Stockholm
74%
Belgium Brussels
71%
Monaco Monaco
70%
Switzerland Bern
66%
Denmark Copenhagen
66%
Luxembourg Luxembourg
66%
Hungary Budapest
65%
Czechia Prague
64%
San marino San marino
63%
Iceland Reykjavik
62%
Bulgaria Sofia
61%
Romania Bucharest
53%
Croatia Zagreb
53%
Serbia Belgrade
43%
Turkey Ankara
42%
Latvia Riga
40%
Bosnia and Herzegovina Sarajevo
40%
Belarus Minsk
39%
Slovakia Bratislava
35%
Slovenia Ljubljana
32%
Lithuania Vilnius
32%
Albania Tirana
30%
Estonia Tallinn
29%
Andorra Andorra la vella
28%
Malta Valletta
26%
North Macedonia Skopje
23%
Azerbaijan Baku
19%
Liechtenstein Vaduz
19%
Montenegro Podgorica
17%
Kosovo Pristina
17%
Georgia Tbilisi
14%
Moldova Chisinau
13%
Cyprus Nicosia
13%
Armenia Yerevan
9%
No matching quizzes found
Score Distribution
Percent of People with Each Score
Percentile by Number Answered
Your Score History
You have not taken this quiz